Joueurs de football par images - D - Statistiques

Statistiques générales
  • Ce quiz a été pris 1 908 fois
  • Le résultat moyen est 14 sur 20
Statistiques - réponses
Par images Réponse % Correct
Ángel Di María
98%
Didier Drogba
98%
Ousmane Dembélé
98%
Didier Deschamps
97%
Gianluigi Donnarumma
97%
Kévin De Bruyne
97%
Memphis Depay
95%
Paulo Dybala
95%
Dante
85%
Alphonso Davies
84%
Edin Džeko
78%
Deco
71%
Alessandro Del Piero
66%
Edgar Davids
62%
Dida
60%
Landon Donovan
41%
Alfredo Di Stefano
33%
Kenny Dalglish
26%
Dunga
17%
Eren Derdiyok
3%
Aucun quiz correspondant
Distribution des résultats
% des personnes avec chaque résultat
Percentile par nombre de réponses
Votre historique - résultats
Vous n’avez pas pris ce quiz